Title in the Lyrics -- Songs That Start With X - Statistics

General Stats
  • This quiz has been taken 217 times
  • The average score is 2 of 15
Answer Stats
Lyrics Title % Correct
Yi-yi-_, I've been with the wrong crowd / I can make you a believer, if I turn the nonsense down X
100%
I love you like __ / You love me like __ / You kill me boy __ / You love me like __ XO
31%
A place where nobody dared to go / The love that we came to know / They call it ______ Xanadu
29%
I've got _____ eyes, ahh / And I can see right through your lies, ahh X-Ray Eyes
5%
Bombs away! / Here goes nothing, the shouting's over / Hey _____, bombs away! X-Kid
2%
You're an _____ ___ / Got an X-rated mind / You're not satisfied looking at me, you're always / Checking out the girl behind X-Ray Man
2%
Honestly I think you got me in a hex yo / When I'm with you it's all perfecto / When I'm leavin' you hit me with that text talkin' bout that / ______ Xoxoxo
1%
______, got to get away from a system lose in the world today / ______, the pressure that I face from relationships that's gone away Xscape
1%
______ ____, "Ha, ha, ha / We have nothing in common / See you round ta-ta / Slink back to your abominable lover Xavier Says
0%
Half his friends are stuffed into black body bags / With their names printed at the top / ____ __ ________ Xmas in February
0%
This is how we do in the ___ / The boys look fine, stereos alpine / 20/20, thunderbird at 12:09 / Took a pill, good time all the time XR2
0%
You're the change that had to come / As we stare into the sun / Pane of glass we can see through / _____ _________ is you X-Ray Hamburger
0%
___ ___ ____ ___ / Only one will survive / Beatle based pop versus new romantic / History will decide XTC vs. Adam Ant
0%
(You want me) / ____ / (You want me) / ____ / You want me to be / Somebody who I'm really not XXXO
0%
Scream little choo-choo / Bang your little _________ _____ / You can wail all night long / But you can't bring her back Xylophone Track
0%
No matching quizzes found
Score Distribution
Percent of People with Each Score
Percentile by Number Answered
Your Score History
You have not taken this quiz